000 004450000a22001690004500
041 0 _aENG
082 0 4 _aG 253 F6121c
100 1 _aFletcher, Lionel
245 1 0 _aConquering evangelism / Lionel B. Fletcher
260 _aLondon, Great Britain : Marshall, Morgan & Scott
300 _a112 Pag
001 11972
942 _cBK
999 _c41021
_d41021
336 _atexto
_btxt
_2rdacontent
337 _2rdamedia
_asin mediación
_bn
338 _2rdacarrier
_avolumen
_bnc